| 000 | 00873nam a2200193Ia 4500 | ||
|---|---|---|---|
| 003 | OSt | ||
| 005 | 20240326142507.0 | ||
| 007 | ca aa aaaaa | ||
| 008 | 201103s9999 xx 000 0 und d | ||
| 040 | _cost | ||
| 041 | _abur | ||
| 082 |
_a၂၉၄.၃၄၄၃ _bမိုး |
||
| 100 | _a မိုးကုတ်ဆရာတော်ဘုရားကြီး | ||
| 245 | 1 | 0 |
_aတရားနာယောဂီများ၏အလုပ်(သဗ္ဗေသင်္ခါရာအနိစ္စာ) / _cမိုးကုတ်ဆရာတော်ဘုရားကြီး။ |
| 260 |
_aရန်ကုန် ၊ _bမိုးကုတ်ဝိပဿနာအဖွဲ့ချုပ်၊ _c၂၀၀၅။ |
||
| 300 |
_aဇ၊ ၆၅ စာမျက်နှာ ၊ _c၁၈ စင်တီ။ |
||
| 500 | _aS_SAT: Prof. Sai Aung Tun | ||
| 942 |
_2ddc _cBK1 |
||
| 999 |
_c16861 _d16861 |
||